[Event "Mukachevo Young Talents"]
[Site "Mukachevo"]
[Date "2020.11.27"]
[Round "7"]
[White "Osadchuk, Dmitry"]
[Black "Petrovskiy, Vadim"]
[Result "1/2-1/2"]
[WhiteElo "2173"]
[BlackElo "2108"]
[PlyCount "99"]
[EventDate "2020.11.23"]
[EventType "tourn"]
[EventRounds "10"]
[EventCountry "UKR"]
[SourceTitle "CBM 199 Extra"]
[Source "ChessBase"]
[SourceDate "2021.01.31"]
[SourceVersion "1"]
[SourceVersionDate "2021.01.31"]
[SourceQuality "1"]

1. e4 c5 2. Nf3 d6 3. d4 cxd4 4. Nxd4 Nf6 5. Nc3 a6 6. Bc4 e6 7. Bb3 Nbd7 8. Be3 Nc5 9. f3 Be7 10. Qd2 Qc7 11. 0-0-0 b5 12. g4 Bb7 13. g5 Nfd7 14. h4 0-0-0 15. Kb1 g6 16. a4 bxa4 17. Bxa4 Nxa4 18. Nxa4 Nc5 19. Nc3 Kb8 20. Nb3 f5 21. gxf6 Bxf6 22. Bg5 Nxb3 23. cxb3 Rhf8 24. Bxf6 Rxf6 25. e5 Rxf3 26. exd6 Qc5 27. Rhe1 Qf5+ 28. Ka2 Qa5+ 29. Kb1 Qf5+ 30. Ka2 Qa5+ 31. Kb1 Qf5+ 32. Qc2 e5 33. Qxf5 Rxf5 34. Na4 e4 35. Nc3 Re5 36. Rd4 e3 37. Rd3 Re6 38. Rexe3 Rxe3 39. Rxe3 Rxd6 40. Re7 h5 41. Rg7 Bc8 42. Ne2 Bf5+ 43. Ka2 Rd7 44. Rxd7 Bxd7 45. Ka3 Kc7 46. Kb4 Kb6 47. Nf4 Bf5 48. Kc4 Kc6 49. b4 Kd6 50. Kd4 1/2-1/2

[Event "Mukachevo Young Talents"]
[Site "Mukachevo"]
[Date "2020.11.26"]
[Round "6"]
[White "Osadchuk, Dmitry"]
[Black "Samunenkov, Igor"]
[Result "0-1"]
[WhiteElo "2173"]
[BlackElo "2142"]
[PlyCount "102"]
[EventDate "2020.11.23"]
[EventType "tourn"]
[EventRounds "10"]
[EventCountry "UKR"]
[SourceTitle "CBM 199 Extra"]
[Source "ChessBase"]
[SourceDate "2021.01.31"]
[SourceVersion "1"]
[SourceVersionDate "2021.01.31"]
[SourceQuality "1"]

1. e4 c5 2. Nf3 g6 3. d4 cxd4 4. Nxd4 Nc6 5. Be3 Nf6 6. Nc3 Bg7 7. Be2 0-0 8. Qd2 d5 9. exd5 Nxd5 10. Nxd5 Nxd4 11. c4 Nxe2 12. Qxe2 e6 13. Nc3 Qa5 14. 0-0 Bd7 15. Rfd1 Bc6 16. Bd4 Rfd8 17. Bxg7 Kxg7 18. f3 h5 19. h3 Qc5+ 20. Kh1 a5 21. b3 Rd4 22. Qb2 Kg8 23. Rxd4 Qxd4 24. Rd1 Qe5 25. Qd2 Qg3 26. Qe1 Qxe1+ 27. Rxe1 Rd8 28. Rd1 Rxd1+ 29. Nxd1 Kf8 30. Kg1 Ke7 31. Kf2 Kd6 32. Ke3 Kc5 33. Nf2 Kb4 34. Kd4 Ka3 35. Nd3 Kxa2 36. Kc3 b5 37. cxb5 Bxb5 38. Ne5 Bf1 39. h4 Bxg2 40. f4 Bd5 41. Nc4 e5 42. fxe5 g5 43. hxg5 h4 44. Kd4 h3 45. Kxd5 h2 46. Kd6 h1Q 47. Nxa5 Qh4 48. Nc6 Kxb3 49. Nd8 Qd4+ 50. Ke7 Qxe5+ 51. Kxf7 Qxg5 0-1